Catálogo

Cuidados médicos perioperatorios / (Registro nro. 38051)

Detalles MARC
000 -LEADER
fixed length control field 00990cam a2200289 i 4500
001 - CONTROL NUMBER
control field 38051
003 - CONTROL NUMBER IDENTIFIER
control field Mx-PuUPA
005 - DATE AND TIME OF LATEST TRANSACTION
control field 20210514173054.0
008 - FIXED-LENGTH DATA ELEMENTS--GENERAL INFORMATION
fixed length control field 140415s2000 mx fr 001 0 spa d
020 ## - INTERNATIONAL STANDARD BOOK NUMBER
International Standard Book Number 9701025288
040 ## - CATALOGING SOURCE
Original cataloging agency Mx-PuUPA
Language of cataloging spa
Transcribing agency Mx-PuUPA
Modifying agency Mx-PuUPA
Description conventions rda
041 0# - LANGUAGE CODE
Language code of text/sound track or separate title spa
245 00 - TITLE STATEMENT
Title Cuidados médicos perioperatorios /
Statement of responsibility, etc. editores en jefe, Takeshi Takahashi Monroy, Guillermo Domínguez Cherit
250 ## - EDITION STATEMENT
Edition statement Primera edición
264 #4 - PRODUCTION, PUBLICATION, DISTRIBUTION, MANUFACTURE, AND COPYRIGHT NOTICE
Place of production, publication, distribution, manufacture México, D.F. :
Name of producer, publisher, distributor, manufacturer McGraw-Hill Interamericana Editores,
Date of production, publication, distribution, manufacture, or copyright notice ©2000
300 ## - PHYSICAL DESCRIPTION
Extent xxv, 452 páginas :
Other physical details ilustraciones ;
Dimensions 24 cm
336 ## - CONTENT TYPE
Fuente rdacontent
Content type term texto
Content type code txt
337 ## - MEDIA TYPE
Source rdamedia
Media type term sin medio
Media type code n
338 ## - CARRIER TYPE
Source rdacarrier
Carrier type term volumen
Carrier type code nc
650 #4 - SUBJECT ADDED ENTRY--TOPICAL TERM
Topical term or geographic name entry element Cuidado preoperatorio
650 #4 - SUBJECT ADDED ENTRY--TOPICAL TERM
Topical term or geographic name entry element Cuidado postoperatorio
700 1# - ADDED ENTRY--PERSONAL NAME
Personal name Monroy, Takeshi Takahashi,
Relator term editor
700 1# - ADDED ENTRY--PERSONAL NAME
Personal name Domínguez Cherit, Guillermo,
Relator term editor
942 ## - ADDED ENTRY ELEMENTS (KOHA)
Source of classification or shelving scheme Dewey Decimal Classification
Koha item type Libro
Classification part 617.919
Item part C585
Existencias
Withdrawn status Lost status Source of classification or shelving scheme Damaged status Not for loan Home library Current library Shelving location Date acquired Source of acquisition Total Checkouts Full call number Barcode Price effective from Koha item type Collection code Date last seen Copy number Date last checked out
  Extraviado Dewey Decimal Classification     Biblioteca Karol Wojtyla Biblioteca Karol Wojtyla   03/12/2013 Compra   617.9 CUI 58631 03/12/2013 Libro        
    Dewey Decimal Classification     Biblioteca Karol Wojtyla Biblioteca Karol Wojtyla Sala general 03/12/2013 Compra   617.919 C585 2000 57241 03/12/2013 Libro General 05/01/2026 Ej.4  
  Extraviado Dewey Decimal Classification     Biblioteca Karol Wojtyla Biblioteca Karol Wojtyla   03/12/2013 Compra   617.9 CUI 57242 03/12/2013 Libro        
  Extraviado Dewey Decimal Classification     Biblioteca Karol Wojtyla Biblioteca Karol Wojtyla   03/12/2013 Compra   617.9 CUI 57240 03/12/2013 Libro        
    Dewey Decimal Classification     Biblioteca Karol Wojtyla Biblioteca Karol Wojtyla Sala general 03/12/2013 Compra   617.919 C585 2000 57237 03/12/2013 Libro General 05/01/2026    
  Extraviado Dewey Decimal Classification     Biblioteca Karol Wojtyla Biblioteca Karol Wojtyla   03/12/2013 Compra   617.9 CUI 57243 03/12/2013 Libro        
    Dewey Decimal Classification     Biblioteca Karol Wojtyla Biblioteca Karol Wojtyla Sala general 03/12/2013 Compra   617.919 C585 2000 57238 03/12/2013 Libro General 05/01/2026 Ej.3  
    Dewey Decimal Classification     Biblioteca Karol Wojtyla Biblioteca Karol Wojtyla Sala general 03/12/2013 Compra   617.919 C585 2000 57239 03/12/2013 Libro General 05/01/2026 Ej.2 05/11/2015